000 01317cam a2200265 4500
008 090401t1995 xxu||||| |||| 00| 0 eng d
020 _a0854066969
035 _a(Sirsi) u62172
041 0 _aeng
050 0 4 _a346.4104343 $2 18
090 _aRICS 1995/69ABCD
110 2 _aRoyal Institution of Chartered Surveyors
_94900
245 0 3 _aAn elemental analysis of service charges
_bcommercial property guidance note
260 _aLondon
_bRICS
_c1995
300 _a20p.
_c30cm.
350 _a8.95
490 _aRICS Commercial Property Guidance Note
490 _aRICS Guidance Note
520 _aConsiders the nature of service charges, what determines them, what services the landlord may provide, who manages the service charges, what is included in the service charge, can they include a sinking fund, how a service charge can be administered, how the costs can be apportioned, whether they create special tax implications, and the need for good landlord and tenant relations.
520 _aSuperseeds 1994 edition (M1657).
690 _aPROPERTY-COMMERCIAL PROPERTY-LEASEHOLD COMMERCIAL PROPERTY-COMMERCIAL LANDLORD AND TENANT-COMMERCIAL SERVICE CHARGES
710 2 _aRoyal Institution of Chartered Surveyors
_bCommercial Property Management Skills Panel
_94496
942 _n0
948 _c04/03/1997
999 _c94377
_d94377